000 00478ntaaa2200181 4500
003 01
005 20251027202217.0
008 0714s1973 ag 01
040 _aAR-BaBN
_bspa
_cAR-BaBN
_eaacr
_dRIC
082 _a268.0000 B99
100 _aByrne, H.W.
_920644
245 _aChristian education for the local church
250 _a1 ed.
260 _aGrand Rapids :
_bZondervan Publishing House,
_cc1963
300 _a355 p
650 _aeducación religiosa
_94601
942 _cBK
999 _c16991
_d16991